000
00255nam a2200109Ia 4500
008
190912s9999||||xx |||||||||||||| ||und||
100
_a
Garson, Williams
245
0
_a
Public Administration
260
_a
USA
_b
McGraw-Hill
_c
1982
300
_a
472
942
_c
BK
999
_c
7331
_d
7331